| 000 | 00687pam a2200241 a 4500 | ||
|---|---|---|---|
| 003 | OSt | ||
| 005 | 20140310182501.0 | ||
| 008 | 890127s1990 stka b 001 0 eng | ||
| 010 | _a 89000650 | ||
| 020 | _a9789812727893 | ||
| 040 |
_aDLC _cDLC _dDLC |
||
| 050 |
_aQM 556 _b.T396 2010 |
||
| 245 | 0 | 0 |
_aTheory and practice of histological techniques / _cedited by; John D. Bancroft, Marilyn Gamble |
| 250 | _a6th ed. | ||
| 260 |
_aNew York : _bChurchill Livingstone, _cc2010. |
||
| 300 |
_a72 p. ; _bill. ; _c26 cm. |
||
| 650 | 0 |
_aHistology _xTechnique. _98683 |
|
| 700 | 1 |
_aGamble, Marilyn _98679 |
|
| 942 | _2lcc | ||
| 999 |
_c13812 _d13812 |
||